000 00872nam a2200229 i 4500
001 C2-0335483
003 PPAK
005 20180728134904.0
008 160112s2015 nyu |||| ||||| | eng d
020 _a9780812997873
040 _aPPAK
_beng
_cPPAK
_erda
082 0 4 _a811.54
_223
090 0 0 _a811.54
_bMAY
_dLCK
245 0 0 _aMaya Angelou :
_bthe complete poetry
264 1 _aNew York :
_bRandom House ,
_c2015
300 _axvii, 300 pages ;
_c24 cm
336 _2rdacontent
_atext
337 _2rdamedia
_aunmediated
338 _2rdacarrier
_avolume520 \\
_aThroughout her illustrious career in letters, Maya Angelou gifted, healed, and inspired the world with her words. Now the beauty and spirit of those words live on in this new and complete collection of poetry that reflects and hon
650 1 0 _aAfrican Americans - Poetry. ; Poetry.
942 _ddc
_cB
999 _c133653
_d133653